| 000 | 00557 a2200169 4500 | ||
|---|---|---|---|
| 005 | 20250612133910.0 | ||
| 020 | _a0-07-245872-0 | ||
| 082 | _a658. 403 HAA | ||
| 100 | _aHAAG, S. | ||
| 245 | _aManagement Information Systems: For the Information Age | ||
| 250 | _a3rd Ed. | ||
| 260 |
_aNew York, _bMcGraw-Hill, _c2002. |
||
| 300 |
_axxiii, 440p.: ill.; figure, graph, picture, table. _bGlossary & index. _c29cm. |
||
| 700 | _aCUMMINGS, M. & McCUBBREY, D. J. | ||
| 856 |
_yAccess online book _fInformation system _dhttp://www.mhhe.com/haag |
||
| 942 |
_2ddc _cBKS |
||
| 999 |
_c1744 _d1744 |
||